[Event "Ch World (team) (under 26) (final A)"]
[Site "masterchessopen.com Krakow (Poland)"]
[Date "1964.07.25"]
[Round "3"]
[White "Kollberg Lothar (GER)"]
[Black "Sloth Jorn (DEN)"]
[Result "1-0"]
[WhiteElo "2237"]
[BlackElo "2328"]

1.d4 Nf6 2.c4 g6 3.Nc3 d5 4.cxd5 Nxd5 5.e4 Nxc3 6.bxc3 Bg7 7.Bc4 c5 8.Ne2 Nc6
9.Be3 O-O 10.O-O Qc7 11.Rc1 Rd8 12.Qe1 Na5 13.Bd3 e6 14.f3 b6 15.Qh4 Bb7
16.Bg5 Re8 17.e5 Nc6 18.Ng3 cxd4 19.Ne4 Qxe5 20.f4 Qd5 21.c4 Qd7 22.Nf6+ Bxf6
23.Bxf6 Qd6 24.Rf3 h5 25.Qxh5 {#r} 1-0

[Event "Ch Hungary"]
[Site "masterchessopen.com Budapest (Hungary)"]
[Round "0"]
[White "Bokor Istvan (HUN)"]
[Black "Honfi Karoly (HUN)"]
[Result "0-1"]
[WhiteElo "2226"]
[BlackElo "2365"]

1.d4 Nf6 2.c4 g6 3.Nc3 d5 4.cxd5 Nxd5 5.e4 Nxc3 6.bxc3 Bg7 7.Bc4 c5 8.Ne2 Nc6
9.Be3 O-O 10.O-O Qc7 11.Rc1 Rd8 12.Qa4 Bd7 13.Qa3 Bf8 14.Rfd1 Na5 15.Bd3 e6
16.Qb2 Ba4 17.Rf1 b5 18.Qd2 Nc4 19.Bxc4 bxc4 20.Bh6 Bxh6 21.Qxh6 Rab8 22.Qe3
Rb2 23.e5 Rxa2 24.Ng3 Bc6 25.Qg5 h6 26.Qxh6 cxd4 27.Qg5 Rd5 28.cxd4 Qd8 {#R}
0-1

[Event "It"]
[Site "masterchessopen.com Copenhagen (Denmark)"]
[Round "13"]
[White "Andersen Borge (DEN)"]
[Black "Honfi Karoly (HUN)"]
[Result "0-1"]
[WhiteElo "2385"]
[BlackElo "2365"]

1.d4 Nf6 2.c4 g6 3.Nc3 d5 4.cxd5 Nxd5 5.e4 Nxc3 6.bxc3 Bg7 7.Bc4 c5 8.Ne2 Nc6
9.Be3 O-O 10.O-O Qc7 11.Rc1 Rd8 12.Qa4 Bd7 13.Qa3 Bf8 14.f4 e6 15.dxc5 Na5
16.Bb3 Bb5 17.c4 Bc6 18.f5 Rd3 19.fxe6 fxe6 20.Bf2 Nxb3 21.axb3 Qe5 22.Ng3 h5
23.Rfd1 Rxd1+ 24.Rxd1 h4 25.Bd4 Qf4 26.Nf1 Qxe4 27.Qb2 Rd8 28.Rd2 Rxd4 {#R}
0-1

[Event "Ch World (team) (students)"]
[Site "masterchessopen.com Oerebro (Sweden)"]
[Round "4"]
[White "Segal Alexandru Sorin (BRA)"]
[Black "Smejkal Jan (CZE)"]
[Result "0-1"]
[WhiteElo "2145"]
[BlackElo "2504"]

1.d4 Nf6 2.c4 g6 3.Nc3 d5 4.cxd5 Nxd5 5.e4 Nxc3 6.bxc3 Bg7 7.Bc4 O-O 8.Be3 c5
9.Ne2 Nc6 10.O-O Qc7 11.Rc1 Rd8 12.f4 Bg4 13.e5 cxd4 14.cxd4 Qd7 15.Bb5 Bxe2
16.Bxe2 Nxd4 17.Bxd4 Qxd4+ 18.Qxd4 Rxd4 19.Rc7 e6 20.Rxb7 Bf8 21.Rc7 Rb8 22.f5
Rd2 23.Re1 Rbb2 24.fxe6 Rxe2 25.Rxe2 Rxe2 26.e7 Bxe7 27.Rxe7 Rxa2 28.e6 fxe6
29.Rxe6 Kf7 30.Rc6 Re2 31.h3 Re6 32.Rc4 a5 33.Kf2 h6 34.Kf3 Ra6 35.Ra4 Ke6
36.Ke4 Kd6 37.Kd4 Kc6 38.Kc4 Ra8 39.Kb3 Kd5 40.Rh4 a4+ 41.Ka3 h5 42.g4 Rh8
43.Kxa4 Ke5 44.Kb4 Kf6 45.gxh5 Kg5 46.Rg4+ Kxh5 47.Kc4 Rf8 48.Rg3 Rd8 49.Kc5
Rd1 50.Kc4 Rd6 51.Kc5 Rd8 52.Kc4 g5 53.Kc5 Rf8 54.Rg4 Re8 55.Kb4 Rf8 {#R} 0-1

[Event "It"]
[Site "masterchessopen.com Santa Monica (USA)"]
[Round "0"]
[White "Spassky Boris V (FRA)"]
[Black "Fischer Robert J (USA)"]
[Result "1-0"]
[WhiteElo "2548"]
[BlackElo "2780"]

1.d4 Nf6 2.c4 g6 3.Nc3 d5 4.cxd5 Nxd5 5.e4 Nxc3 6.bxc3 Bg7 7.Bc4 c5 8.Ne2 Nc6
9.Be3 O-O 10.O-O Qc7 11.Rc1 Rd8 12.Qe1 ( 12.Bf4 Qd7 13.d5 Ne5 14.Bxe5 Bxe5
15.f4 { ?/= } ) 12...e6 ( { ? } 12...Qa5 13.Rd1 cxd4 14.cxd4 Qxe1 15.Rfxe1 b6
{ = } ) 13.f4 Na5 14.Bd3 f5 { ! } 15.Rd1 b6 16.Qf2 cxd4 17.Bxd4 Bxd4 18.cxd4
Bb7 19.Ng3 Qf7 20.d5 { ! } 20...fxe4 21.dxe6 Qxe6 22.f5 { ! } 22...Qf7 (
22...gxf5 { ? } 23.Nxf5 Rxd3 24.Rxd3 exd3 25.Qg3+ Qg6 ( 25...Kf8 26.Nd4+ { +??
} ) 26.Ne7+ { +?? } ) 23.Bxe4 Rxd1 24.Rxd1 Rf8 25.Bb1 Qf6 26.Qe2 Kh8 27.fxg6
hxg6 28.Qd2 Kg7 29.Rf1 Qe7 30.Qd4+ Rf6 31.Ne4 { ! } 31...Bxe4 32.Bxe4 Qc5
33.Qxc5 Rxf1+ { ? } ( 33...bxc5 34.Rc1 c4 { ? } ) 34.Kxf1 bxc5 35.h4 { !± }
35...Nc4 36.Ke2 Ne5 37.Ke3 Kf6 38.Kf4 Nf7 39.Ke3 { ?! } ( 39.Bd5 { +?? } )
39...g5 { ? } ( { ? } 39...Nd6 ) 40.h5 Nh6 41.Kd3 Ke5 42.Ba8 Kd6 43.Kc4 g4
44.a4 { +?? } 44...Ng8 45.a5 Nh6 46.Be4 g3 47.Kb5 Ng8 48.Bb1 Nh6 49.Ka6 Kc6
50.Ba2 {#r} 1-0

[Event "Ch Hungary"]
[Site "masterchessopen.com Budapest (Hungary)"]
[Round "9"]
[White "Toth Bela (ITA)"]
[Black "Haag Ervin (HUN)"]
[Result "0-1"]
[WhiteElo "2345"]
[BlackElo "2284"]

1.d4 Nf6 2.c4 g6 3.Nc3 d5 4.cxd5 Nxd5 5.e4 Nxc3 6.bxc3 Bg7 7.Bc4 c5 8.Ne2 Nc6
9.Be3 O-O 10.O-O Qc7 11.Rc1 Rd8 12.f4 e6 13.Bd3 Qd7 14.f5 exf5 15.exf5 cxd4
16.cxd4 Nxd4 17.fxg6 hxg6 18.Bc4 Nf5 19.Qb3 Qe7 20.Bc5 Qxc5+ {#R} 0-1

[Event "It"]
[Site "masterchessopen.com Reggio Emilia (Italy)"]
[Round "0"]
[White "Mariotti Sergio (ITA)"]
[Black "Bertok Mario (CRO)"]
[Result "1-0"]
[WhiteElo "2326"]
[BlackElo "2282"]

1.d4 Nf6 2.c4 g6 3.Nc3 d5 4.cxd5 Nxd5 5.e4 Nxc3 6.bxc3 Bg7 7.Bc4 c5 8.Ne2 Nc6
9.Be3 O-O 10.O-O Qc7 11.Rc1 Rd8 12.Qa4 e6 13.Rfd1 Bd7 14.Qa3 Na5 15.Bd3 c4
16.Bb1 Bf8 17.Qb2 Ba4 18.Rf1 b6 19.f4 f5 20.g4 fxg4 21.Ng3 Qe7 22.Qe2 h5 23.f5
Be8 24.fxg6 Bxg6 25.e5 Bxb1 26.Rxb1 Qh7 27.Bg5 Bg7 28.Bxd8 Rxd8 29.Ne4 Qg6
30.h3 gxh3+ 31.Kh2 Qg2+ 32.Qxg2 hxg2 33.Kxg2 Nc6 34.Nf6+ Bxf6 35.Rxf6 Re8
36.Kh3 Nd8 37.Rg1+ Kh7 38.Kh4 Rg8 39.Rh6+ Kxh6 40.Rxg8 Nf7 41.Rf8 {#r} 1-0

[Event "Olympiad"]
[Site "masterchessopen.com Siegen (Germany)"]
[Round "14"]
[White "Spassky Boris V (FRA)"]
[Black "Fischer Robert J (USA)"]
[Result "1-0"]
[WhiteElo "2548"]
[BlackElo "2780"]

1.d4 Nf6 2.c4 g6 3.Nc3 d5 4.cxd5 Nxd5 5.e4 Nxc3 6.bxc3 Bg7 7.Bc4 c5 8.Ne2 Nc6
9.Be3 O-O 10.O-O Qc7 11.Rc1 Rd8 12.h3 b6 13.f4 e6 14.Qe1 Na5 15.Bd3 f5 16.g4 {
!? } 16...fxe4 17.Bxe4 Bb7 18.Ng3 Nc4 19.Bxb7 ( 19.Bf2 { ? } 19...Bxe4 20.Qxe4
Nd2 21.Qxe6+ Kh8 22.Rfd1 Nf3+ 23.Kh1 Re8 24.Qd5 Nh4 { ? } ) 19...Qxb7 20.Bf2
Qc6 21.Qe2 cxd4 22.cxd4 b5 23.Ne4 Bxd4 ( 23...Rf8 24.Nc5 Rae8 25.a4 a6 26.Nxa6
Qxa6 27.axb5 Qxb5 28.Qxc4 { = } ) 24.Ng5 Bxf2+ 25.Rxf2 Rd6 26.Re1 Qb6 27.Ne4 (
27.Nxe6 Re8 28.f5 Rd2 29.Qf3 Rxa2 30.Rf1 ) 27...Rd4 ( 27...Rc6 28.Rd1 Rd8
29.Rd3 { ? } ) 28.Nf6+ Kh8 29.Qxe6 { ! } 29...Rd6 ( 29...Rd1 30.Qf7 { !! }
30...Rxe1+ 31.Kg2 Ne3+ 32.Kf3 { ! } 32...Qc6+ 33.Kg3 Rg1+ 34.Kh4 Rxg4+ 35.hxg4
Qh1+ 36.Kg5 Rc8 37.Qd7 { ! } 37...Rb8 38.Qd4 { +?? } ) 30.Qe4 Rf8 ( { ? }
30...Rad8 31.g5 Rd2 32.Rf1 ( 32.Re2 Rxe2 33.Qxe2 Qe3 34.Qxe3 Rd1+ 35.Kg2 Nxe3+
36.Kh2 Rd2 37.Rxd2 Nf1+ ) 32...Rxf2 33.Rxf2 Qe3 34.Qxe3 Rd1+ { = } ) 31.g5 Rd2
32.Rf1 { ! } 32...Qc7 { ? } ( 32...Nd6 33.Qe5 { ! } 33...Qd4 34.Qe7 { +?? } )
( 32...Kg7 33.h4 Qd4 34.h5 Qxe4 35.h6+ { ± } ) ( 32...Rxf2 33.Rxf2 Qe3 34.Qxe3
Nxe3 35.Rd2 { ± Vasiukov } ) 33.Rxd2 { ! } 33...Nxd2 34.Qd4 Rd8 35.Nd5+ Kg8
36.Rf2 { ! } 36...Nc4 37.Re2 Rd6 38.Re8+ Kf7 39.Rf8+ {#r} 1-0

[Event "Ch World (juniors) (under 18)"]
[Site "masterchessopen.com Athens (Greece)"]
[Round "0"]
[White "Vaganian Rafael A (ARM)"]
[Black "Rogoff Kenneth S (USA)"]
[Result "1-0"]
[WhiteElo "2510"]
[BlackElo "2425"]

1.d4 Nf6 2.c4 g6 3.Nc3 d5 4.cxd5 Nxd5 5.e4 Nxc3 6.bxc3 Bg7 7.Bc4 c5 8.Ne2 Nc6
9.Be3 O-O 10.O-O Qc7 11.Rc1 Rd8 12.Kh1 b6 13.f4 Na5 14.Bd3 f5 15.exf5 Bxf5
16.Bxf5 gxf5 17.d5 Nc4 18.Qd3 b5 19.Qxf5 Qd6 20.Bg1 Qxd5 21.Ng3 Rac8 22.Rfe1
Bf6 23.Qh3 Kh8 24.Ne4 Rc7 25.Rcd1 Qxd1 26.Rxd1 Rxd1 27.Qh6 Kg8 28.Nxf6+ exf6
29.Qxf6 h6 30.Qe6+ Kh7 31.Qf5+ Kh8 32.h3 Rg7 33.Qxc5 a6 34.Qh5 Ra1 35.f5 Kh7
36.f6 Rg6 37.Qf5 {#r} 1-0

[Event "?"]
[Site "masterchessopen.com Hungary"]
[Round "0"]
[White "Scheichel Herbert (AUT)"]
[Black "Adorjan Andras (HUN)"]
[Result "0-1"]
[WhiteElo "2320"]
[BlackElo "2465"]

1.d4 Nf6 2.c4 g6 3.Nc3 d5 4.cxd5 Nxd5 5.e4 Nxc3 6.bxc3 Bg7 7.Bc4 c5 8.Ne2 Nc6
9.Be3 O-O 10.O-O Qc7 11.Rc1 Rd8 12.Qe1 e6 13.f4 Na5 14.Bd3 f5 15.h3 b6 16.g4
Bb7 17.Ng3 Qd7 18.Rd1 cxd4 19.Bb1 Nc4 20.Bxd4 e5 21.fxe5 fxg4 22.Qe2 Qc7
23.Qxg4 Nxe5 24.Qg5 h6 25.Qe3 Rf8 26.Kg2 Ba6 27.Rxf8+ Rxf8 28.Bxe5 Qxe5 29.Bc2
Bc4 30.Bb3 Bxb3 31.axb3 Qxc3 32.Qxc3 Bxc3 33.Rd7 Rf7 {#R} 0-1

[Event "Ch World (match) (w)"]
[Site "masterchessopen.com Riga (Latvia)"]
[Round "6"]
[White "Kushnir Alla (ISR)"]
[Black "Gaprindashvili Nona (GEO)"]
[Result "0-1"]
[WhiteElo "2355"]
[BlackElo "2450"]

1.d4 Nf6 2.c4 g6 3.Nc3 d5 4.cxd5 Nxd5 5.e4 Nxc3 6.bxc3 Bg7 7.Bc4 c5 8.Ne2 Nc6
9.Be3 O-O 10.O-O Qc7 11.Rc1 Rd8 12.Bf4 Qd7 13.dxc5 Qe8 14.Bd5 Bd7 15.Rb1 e6
16.Bb3 Ne5 17.Bg5 Rdc8 18.Nd4 Rxc5 19.f4 Nc4 20.Bxc4 Rxc4 21.Rxb7 Qc8 22.Rb2
Ba4 23.Qd2 Qc5 24.e5 Rxc3 25.Be7 Qc8 26.Rb4 Be8 27.Rfb1 Bf8 28.Bxf8 Kxf8 29.h3
Qc5 30.Kh2 Rc8 31.Rb8 Qd5 32.Rxc8 Rxc8 33.Qb4+ Kg7 34.Qb7 Rd8 35.Qxd5 Rxd5
36.Nf3 h6 37.h4 Ra5 38.Rb2 Ra4 39.g3 Bc6 40.Nd2 Bd5 41.Nb3 Re4 42.Rf2 Re1
43.g4 g5 44.hxg5 hxg5 45.fxg5 Rxe5 46.Kg3 Rxg5 47.Kh4 Re5 48.Nc5 Re3 49.Nd7
Be4 50.Rf4 a6 51.Ne5 Bg6 52.Nxg6 Kxg6 53.Ra4 f6 54.Rxa6 Re4 55.Ra3 f5 56.Rg3
Ra4 57.a3 f4 58.Rb3 Ra8 59.Kh3 Rh8+ 60.Kg2 Kg5 61.Rb6 Rh6 62.Kf3 Rh3+ 63.Kf2
e5 64.Re6 Re3 65.a4 Kxg4 66.a5 Kf5 67.Ra6 Ra3 68.Ra8 Ra2+ 69.Kg1 Ke4 70.a6 Ke3
71.a7 e4 72.Kh1 f3 73.Kg1 Ra1+ 74.Kh2 f2 75.Rf8 Rxa7 {#R} 0-1

[Event "It"]
[Site "masterchessopen.com Vrnjacka Banja (Serbia)"]
[Round "0"]
[White "Kristinsson Jon (ISL)"]
[Black "Malich Burkhard Dr (GER)"]
[Result "0-1"]
[WhiteElo "2365"]
[BlackElo "2490"]

1.d4 Nf6 2.c4 g6 3.Nc3 d5 4.cxd5 Nxd5 5.e4 Nxc3 6.bxc3 Bg7 7.Bc4 c5 8.Ne2 Nc6
9.Be3 O-O 10.O-O Qc7 11.Rc1 Rd8 12.Qe1 e6 13.f4 Na5 14.Bd3 f5 15.Rd1 b6 16.Qf2
cxd4 17.cxd4 Bb7 18.Ng3 Rac8 19.Bb1 Nc4 20.d5 fxe4 21.dxe6 Rxd1 22.Rxd1 Nxe3
23.Qxe3 Rd8 24.Qb3 Rxd1+ 25.Qxd1 Qxf4 26.e7 Kf7 27.Qb3+ Kxe7 28.Qb4+ Kd7
29.Qa4+ Kd8 30.Bxe4 Qe3+ 31.Kf1 Bd4 32.Bc2 Ba6+ {#R} 0-1

[Event "It"]
[Site "masterchessopen.com Decin (Czech Republic)"]
[Date "1973.07.05"]
[Round "12"]
[White "Lukacs Peter (HUN)"]
[Black "Pribyl Josef (CZE)"]
[Result "1-0"]
[WhiteElo "2404"]
[BlackElo "2440"]

1.d4 Nf6 2.c4 g6 3.Nc3 d5 4.cxd5 Nxd5 5.e4 Nxc3 6.bxc3 Bg7 7.Bc4 c5 8.Ne2 Nc6
9.Be3 O-O 10.O-O Qc7 11.Rc1 Rd8 12.Qa4 Na5 13.Bd3 b6 14.d5 c4 15.Bb1 e6
16.dxe6 Bxe6 17.f4 Bd7 18.Qb4 Re8 19.Bd4 Bf8 20.Qb2 Bc6 21.Ng3 Nb7 22.Qe2 Nd6
23.e5 Qb7 24.f5 Bg7 25.Rce1 Nb5 26.Nh5 Nxd4 27.cxd4 Bxg2 28.Rf2 Bc6 29.Nxg7
Kxg7 30.f6+ Kh8 31.Qe3 Qd7 32.h3 Rg8 33.Kh2 Rad8 34.Rf4 Qd5 35.Be4 Qxd4
36.Bxc6 Qxe3 37.Rxe3 Rd2+ 38.Kg3 Rxa2 39.Bd5 g5 40.Rxc4 h5 41.Bxf7 {#r} 1-0

[Event "Ch  EWG (team)"]
[Site "masterchessopen.com Ostend (Belgium)"]
[Date "1975.09.18"]
[Round "1"]
[White "Van Seters Frits (BEL)"]
[Black "Rath Ulrik (DEN)"]
[Result "0-1"]
[WhiteElo "2300"]
[BlackElo "2336"]

1.d4 Nf6 2.c4 g6 3.Nc3 d5 4.cxd5 Nxd5 5.e4 Nxc3 6.bxc3 Bg7 7.Bc4 c5 8.Ne2 Nc6
9.Be3 O-O 10.O-O Qc7 11.Rc1 Rd8 12.f3 b6 13.Qe1 Bb7 14.f4 Na5 15.Bd3 e6 16.Qf2
f5 17.Ng3 Qd7 18.e5 Rac8 19.Be2 cxd4 20.cxd4 Qa4 21.Bd3 Bf8 22.Rxc8 Rxc8
23.Rc1 Rxc1+ 24.Bxc1 Bd5 25.Nf1 Qxa2 26.Qxa2 Bxa2 27.Ne3 Nc6 28.Bb2 Nb4 29.Be2
Nd5 30.Nxd5 Bxd5 31.Kf2 Bb4 32.Ba6 Kf7 33.g3 Ke7 34.Ke2 Kd7 35.Kd3 Kc6 36.Bc3
Be7 37.Kc2 b5 38.Ba5 Bc4 39.Kd2 g5 40.Ke3 g4 41.Kd2 h5 42.Ke3 h4 43.Kd2 h3
44.Ke3 Bd5 {#R} 0-1

[Event "It (open)"]
[Site "masterchessopen.com Sandomier (Poland)"]
[Round "4"]
[White "Knaak Rainer (GER)"]
[Black "Szymczak Zbigniew (POL)"]
[Result "1-0"]
[WhiteElo "2520"]
[BlackElo "2400"]

1.d4 Nf6 2.c4 g6 3.Nc3 d5 4.cxd5 Nxd5 5.e4 Nxc3 6.bxc3 Bg7 7.Bc4 c5 8.Ne2 Nc6
9.Be3 O-O 10.O-O Qc7 11.Rc1 Rd8 12.Qa4 Bd7 13.Qa3 Bf8 14.f4 e6 15.Qb2 b5
16.Bd3 c4 17.Bb1 f5 18.g4 Ne7 19.Ng3 Bh6 20.Qd2 fxe4 21.Bxe4 Bc6 22.f5 Bxe3+
23.Qxe3 Bxe4 24.Qxe4 exf5 25.Qe6+ Kh8 26.Qf6+ Kg8 27.gxf5 Nd5 28.Qh4 Qe7 29.f6
Qe3+ 30.Kh1 Qe6 31.f7+ Kg7 32.Rce1 Qc6 33.Kg1 b4 34.Qg5 Qc7 35.Nh5+ Kh8 36.Qh6
{#r} 1-0

[Event "?"]
[Site "masterchessopen.com DDR"]
[Round "0"]
[White "Knaak Rainer (GER)"]
[Black "Ftacnik Lubomir (SVK)"]
[Result "0-1"]
[WhiteElo "2482"]
[BlackElo "2570"]

1.d4 Nf6 2.c4 g6 3.Nc3 d5 4.cxd5 Nxd5 5.e4 Nxc3 6.bxc3 Bg7 7.Bc4 O-O 8.Be3 c5
9.Ne2 Nc6 10.O-O Qc7 11.Rc1 Rd8 12.Qa4 Bd7 13.Qa3 Bf8 14.f4 e6 15.Qb2 Na5
16.Bd3 b5 17.f5 exf5 18.Ng3 Nc4 19.Bxc4 bxc4 20.exf5 cxd4 21.Bxd4 Bc5 22.Qd2
Bc6 23.Qh6 Rxd4 24.cxd4 Bxd4+ 25.Kh1 Bg7 26.Qh4 Qb7 27.Rf2 Bd5 28.Nf1 Re8
29.h3 Qb6 30.Nh2 Bf6 31.Qf4 Bg5 32.Qxg5 Qxf2 33.Rf1 h6 34.Rxf2 Re1+ 35.Nf1
hxg5 36.Kg1 Be4 {#R} 0-1

[Event "It"]
[Site "masterchessopen.com Bogota (Colombia)"]
[Round "3"]
[White "Tarjan James E (USA)"]
[Black "Castro Oscar H (COL)"]
[Result "1-0"]
[WhiteElo "2525"]
[BlackElo "2382"]

1.d4 Nf6 2.c4 g6 3.Nc3 d5 4.cxd5 Nxd5 5.e4 Nxc3 6.bxc3 Bg7 7.Bc4 c5 8.Ne2 Nc6
9.Be3 O-O 10.O-O Qc7 11.Rc1 Rd8 12.Qd2 Ne5 13.Bb3 Ng4 14.Bf4 e5 15.Bg3 Bh6
16.Bxe5 Qxe5 17.Qxh6 Qxe4 18.Bxf7+ Kxf7 19.Qxh7+ Kf8 20.Qh8+ Ke7 21.Qg7+ Kd6
22.dxc5+ Kc6 23.Nd4+ Rxd4 24.cxd4 Be6 25.Rce1 Qf5 26.f3 {#r} 1-0

[Event "Ch Poland"]
[Site "masterchessopen.com Tarnow (Poland)"]
[Round "11"]
[White "Bockowski Ryszard (POL)"]
[Black "Kubik Jan (POL)"]
[Result "1-0"]
[WhiteElo "2264"]
[BlackElo "2252"]

1.d4 Nf6 2.c4 g6 3.Nc3 d5 4.cxd5 Nxd5 5.e4 Nxc3 6.bxc3 Bg7 7.Bc4 c5 8.Ne2 Nc6
9.Be3 O-O 10.O-O Qc7 11.Rc1 Rd8 12.Qd2 Qa5 13.Rfd1 Bd7 14.Bh6 Bh8 15.Rb1 b6
16.Qf4 Be8 17.e5 cxd4 18.cxd4 e6 19.Bxe6 Nxd4 20.Rxd4 Bxe5 21.Rxd8 Bxf4
22.Rxa8 Bxh6 23.Rxe8+ Kg7 24.Bb3 Bg5 25.Nd4 Bf6 26.Nf3 Qf5 27.Rd1 b5 28.Rd5
Qf4 29.Rd7 a5 30.Rxf7+ Kh6 31.Ree7 Qc1+ 32.Re1 Qc3 33.Rd7 a4 34.Bg8 Bg7
35.Red1 b4 36.h3 Qc8 37.R1d4 {#r} 1-0

[Event "It (open) \"]
[Site "masterchessopen.com Bratislava (Slovakia)"]
[Round "8"]
[White "Ferenc Peter (CZE)"]
[Black "Novak Ivan (SVK)"]
[Result "0-1"]
[WhiteElo "2245"]
[BlackElo "2187"]

1.d4 g6 2.c4 Nf6 3.Nc3 d5 4.cxd5 Nxd5 5.e4 Nxc3 6.bxc3 Bg7 7.Bc4 c5 8.Ne2 Nc6
9.Be3 O-O 10.O-O Qc7 11.Rc1 Rd8 12.f3 Bd7 13.Qe1 Na5 14.Bd3 Rac8 15.Qh4 cxd4
16.cxd4 Qd6 17.Qf2 Qa3 18.Bb1 Bb5 19.Rfd1 Rxc1 20.Bxc1 Qb4 21.Bd3 Bxd3 22.Rxd3
Qb1 23.Rc3 Qxa2 24.Ra3 Qc2 25.d5 Rc8 26.Rxa5 Qxc1+ 27.Nxc1 Rxc1+ 28.Qe1 Rxe1+
29.Kf2 Rc1 {#R} 0-1

[Event "Ch Great Britain"]
[Site "masterchessopen.com Brighton (England)"]
[Round "1"]
[White "Cooper John G (WLS)"]
[Black "Branford John W (ENG)"]
[Result "1-0"]
[WhiteElo "2351"]
[BlackElo "2235"]

1.d4 Nf6 2.c4 g6 3.Nc3 d5 4.cxd5 Nxd5 5.e4 Nxc3 6.bxc3 Bg7 7.Bc4 c5 8.Ne2 Nc6
9.Be3 O-O 10.O-O Qc7 11.Rc1 Rd8 12.Kh1 e6 13.f4 Na5 14.Bd3 f5 15.exf5 gxf5
16.dxc5 Nc4 17.Bd4 Bxd4 18.Nxd4 Nb2 19.Qc2 Nxd3 20.Qxd3 Qxc5 21.Rce1 Kh8
22.Re5 Rd5 23.Rxd5 Qxd5 24.c4 Qd8 25.Rd1 a6 26.h3 Qf6 27.Nf3 Kg7 28.c5 Qb2
29.Ne5 {#r} 1-0

[Event "Zt (cat.10)"]
[Site "masterchessopen.com Baile Herculane (Romania)"]
[Round "0"]
[White "Ftacnik Lubomir (SVK)"]
[Black "Pavlov Mircea (ROM)"]
[Result "1-0"]
[WhiteElo "2535"]
[BlackElo "2405"]

1.d4 Nf6 2.c4 g6 3.Nc3 d5 4.cxd5 Nxd5 5.e4 Nxc3 6.bxc3 Bg7 7.Bc4 c5 8.Ne2 Nc6
9.Be3 O-O 10.O-O Qc7 11.Rc1 Rd8 12.Qd2 Qa5 13.Rfd1 Bg4 14.f3 Ne5 15.Bd5 Rxd5
16.exd5 Nc4 17.Qd3 Nb2 18.Qb1 Nxd1 19.Qxb7 Rc8 20.Rxd1 Qxa2 21.Qb5 Rd8 22.fxg4
Qxd5 23.Nf4 Qe4 24.Qd3 Qxd3 25.Rxd3 cxd4 26.cxd4 e6 27.d5 exd5 28.Nxd5 Ra8
29.Ra3 a5 30.Nc7 Bf8 31.Ra4 Rb8 32.Rxa5 Bd6 33.Nb5 Bb4 34.Bf4 Rb7 35.Ra8+ Kg7
36.Rb8 Rd7 37.Nc7 Bc5+ 38.Kf1 g5 39.Rb5 Be7 40.Rd5 Rxd5 41.Nxd5 Bd8 42.Bc7
{#r} 1-0

[Event "Memorial A.Sokolsky"]
[Site "masterchessopen.com Minsk (Belarus)"]
[Round "0"]
[White "Dydyshko Viacheslav (BLR)"]
[Black "Kuporosov Viktor (RUS)"]
[Result "1-0"]
[WhiteElo "2460"]
[BlackElo "2413"]

1.d4 Nf6 2.c4 g6 3.Nc3 d5 4.cxd5 Nxd5 5.e4 Nxc3 6.bxc3 Bg7 7.Bc4 c5 8.Ne2 Nc6
9.Be3 O-O 10.O-O Qc7 11.Rc1 Rd8 12.Qd2 Qa5 13.Qb2 b6 14.Qb3 e6 15.Rfd1 Ba6
16.a4 Rac8 17.Kf1 cxd4 18.cxd4 Qb4 19.Qa2 Bb7 20.Bg5 Ne7 21.f3 Qd6 22.e5 Qd7
23.Bb5 Qd5 24.Qa3 Rxc1 25.Rxc1 Nf5 26.Rc7 Nxd4 27.Bxd8 Nxb5 28.axb5 Bxe5
29.Rxb7 Qxb7 30.Qd3 h6 31.Bh4 g5 32.Qd8+ Kh7 33.Bg3 Bg7 34.Qc7 Qd5 35.Qxf7
Qxb5 36.Qxa7 Qb1+ 37.Be1 b5 38.Qe3 b4 39.Qe4+ Qxe4 40.fxe4 b3 41.Nc3 {#r} 1-0

[Event "It"]
[Site "masterchessopen.com Dieren (Netherlands)"]
[Round "0"]
[White "Blees Albert (NED)"]
[Black "Van Mil Johannes A J (NED)"]
[Result "1-0"]
[WhiteElo "2391"]
[BlackElo "2400"]

1.d4 Nf6 2.c4 g6 3.Nc3 d5 4.cxd5 Nxd5 5.e4 Nxc3 6.bxc3 Bg7 7.Bc4 O-O 8.Be3 c5
9.Ne2 Nc6 10.O-O Qc7 11.Rc1 Rd8 12.Qd2 b6 13.Bh6 e6 14.Rfd1 Bb7 15.Bxg7 Kxg7
16.Qe3 Rac8 17.h4 cxd4 18.cxd4 Qe7 19.h5 Qh4 20.g3 Qe7 21.f3 Na5 22.Bd3 Rxc1
23.Rxc1 Nc6 24.Kf2 Qd7 25.Bb5 a6 26.d5 exd5 27.Bxc6 Bxc6 28.Qc3+ d4 29.Qxc6
Qh3 30.Nf4 Qh2+ 31.Ng2 Qxh5 32.Qxb6 Qg5 33.Rd1 d3 34.Nf4 Rc8 35.Qd4+ Qf6
36.Qxf6+ Kxf6 37.Ke3 Rc2 38.a3 h5 39.Rxd3 {#r} 1-0

[Event "?"]
[Site "masterchessopen.com Berlin (Germany)"]
[Round "0"]
[White "Von Herman Ulf (GER)"]
[Black "Albrecht Rainer (GER)"]
[Result "0-1"]
[WhiteElo "2419"]
[BlackElo "2112"]

1.d4 Nf6 2.c4 g6 3.Nc3 d5 4.cxd5 Nxd5 5.e4 Nxc3 6.bxc3 Bg7 7.Bc4 c5 8.Ne2 Nc6
9.Be3 O-O 10.O-O Qc7 11.Rc1 Rd8 12.f4 e6 13.f5 exf5 14.exf5 Bxf5 15.Bg5 cxd4
16.Bxd8 Rxd8 17.cxd4 Nxd4 18.Nxd4 Rxd4 19.Qb3 Be5 20.h3 Bf4 21.Rc3 Bd2
22.Bxf7+ Qxf7 23.Rc8+ Kg7 24.Qxf7+ Kxf7 25.g4 Be3+ 26.Kh1 Rd1 27.Rc7+ Kf6 {#R}
0-1

[Event "Ch Argentina (1/2 final)"]
[Site "masterchessopen.com San Martin (Argentina)"]
[Round "9"]
[White "Lopez Rebert Pablo (ARG)"]
[Black "Darcyl Tomas (ARG)"]
[Result "0-1"]
[WhiteElo "1976"]
[BlackElo "2405"]

1.c4 g6 2.d4 Nf6 3.Nc3 d5 4.cxd5 Nxd5 5.e4 Nxc3 6.bxc3 Bg7 7.Bc4 c5 8.Ne2 Nc6
9.Be3 O-O 10.O-O Qc7 11.Bf4 Qd7 12.dxc5 Ne5 13.Qd5 e6 14.Qxd7 Bxd7 15.Rad1 Bc6
16.Bxe5 Bxe5 17.f4 Bf6 18.f5 exf5 19.exf5 Be7 20.fxg6 hxg6 21.Nf4 Bxc5+ 22.Kh1
Kg7 23.Bd5 Rac8 24.Bxc6 Rxc6 25.Rd7 b5 26.Re1 Kg8 27.g4 Rd6 28.Rd1 Rxd1+
29.Rxd1 Rc8 30.Rd7 Rc6 31.Nd3 Bb6 32.Rxf7 Rxc3 33.Rd7 Rc2 34.a3 Rd2 35.h4 Be3
36.h5 gxh5 37.gxh5 a5 38.Rd5 b4 39.axb4 a4 40.Ra5 Rxd3 41.Rxa4 Rb3 42.Kg2 Bb6
43.Kf1 Re3 44.Ra2 Re4 45.Re2 Rxb4 46.Re8+ Kh7 47.Rb8 Rb2 48.Re8 Kh6 49.Rh8+
Kg5 50.h6 Kg6 51.Rg8+ Kxh6 52.Rg2 Rb1+ 53.Ke2 Bd8 54.Kf3 Bg5 55.Kg4 Kg6 56.Rf2
Rb4+ 57.Kh3 Kh5 58.Kg2 Kg4 59.Rf8 Rb2+ 60.Rf2 Rb8 61.Rf7 Ra8 62.Rg7 Ra2+
63.Kg1 Kf4 64.Rf7+ Kg3 65.Kf1 Bf4 66.Ke1 Kf3 67.Kd1 Rd2+ 68.Ke1 Rd8 69.Rf6
Re8+ 70.Kf1 Rd8 71.Ke1 Rc8 {#R} 0-1

[Event "It (open)"]
[Site "masterchessopen.com Sibenik (Croatia)"]
[Round "0"]
[White "Bykhovsky Avigdor (RUS)"]
[Black "Kraut Rainer (GER)"]
[Result "1-0"]
[WhiteElo "2434"]
[BlackElo "2444"]

1.d4 Nf6 2.c4 g6 3.Nc3 d5 4.cxd5 Nxd5 5.e4 Nxc3 6.bxc3 Bg7 7.Bc4 c5 8.Ne2 Nc6
9.Be3 O-O 10.O-O Qc7 11.Rc1 Rd8 12.Bf4 Qd7 13.d5 Na5 14.Bb3 b5 15.Qd2 e5
16.Bg3 Nb7 17.c4 b4 18.f4 f6 19.fxe5 fxe5 20.Bh4 Rf8 21.Rxf8+ Kxf8 22.Rf1+ Kg8
23.Qe3 a5 24.Bf6 a4 25.Bc2 h6 26.Nc1 Ra6 27.Bxg7 Kxg7 28.Nd3 Nd6 29.Nxe5 Qe8
30.Qf4 Rb6 31.Qf6+ Kh7 32.Bxa4 {#r} 1-0

[Event "Ch URS (w)"]
[Site "masterchessopen.com Tbilisi (Georgia)"]
[Round "0"]
[White "Arakhamia-Grant Ketevan (SCO)"]
[Black "Polnarieva Larisa (RUS)"]
[Result "1-0"]
[WhiteElo "2456"]
[BlackElo "2205"]

1.d4 Nf6 2.c4 g6 3.Nc3 d5 4.cxd5 Nxd5 5.e4 Nxc3 6.bxc3 Bg7 7.Bc4 c5 8.Ne2 Nc6
9.Be3 O-O 10.O-O Qc7 11.Rc1 Rd8 12.Bf4 Qd7 13.d5 Na5 14.Bd3 e5 15.Bg5 f6
16.Be3 c4 17.Bc2 Qe7 18.f4 exf4 19.Bxf4 Nc6 20.Nd4 Ne5 21.Rb1 b6 22.Bxe5 fxe5
23.Nc6 Qc5+ 24.Kh1 Rf8 25.Rxf8+ Qxf8 26.d6 Bb7 27.Qd5+ Kh8 28.d7 Rd8 29.Ba4 a6
30.Qe6 Bxc6 31.Bxc6 b5 32.a4 bxa4 33.Bxa4 Qc5 34.Qe8+ Qf8 35.Rf1 Qg8 36.h4 Bh6
37.g3 Rb8 38.Bc6 Bg7 39.Ba4 Bh6 40.Qe7 Bg7 41.Rf7 Bf8 42.Qxe5+ Bg7 43.Rxg7
{#r} 1-0